00257nam a22000977a 4500008004100000082001300041100001500054245004300069260003900112300000800151230703b xxu||||| |||| 00| 0 eng d a352bKAY cJ O Kayila aTraining for local Government Personel bkenya Institute of Administrtation a90p